000 00696nam a22002177a 4500
005 20130712164354.0
008 130712b2008 xxu||||| |||| 00| 0 spa d
020 _a9780393927634
041 _aeng
044 _axxu
082 _a551.6
_bW861e
100 1 _aWolfson, Richard.
_9468
245 1 0 _aEnergy, environment and climate /
_b Richard Wolfson
260 _aNew York :
_bW.W. Norton & Company,
_cc2008
300 _a532 p.
_bil.,
_c24 cm.
504 _aIncluye referencias bibliográficas e índices
650 0 _aCambio climático
_976
650 0 _aConsumo de energía
_x Factores climáticos
_9469
650 0 _aConsumo de energía
_x Aspectos ambientales
_9470
942 _2ddc
_cIMPRESO
999 _c7367
_d7367